000 00287nam a22001337a 4500
008 171202b xxu||||| |||| 00| 0 eng d
020 _a9780316834032
041 _aeng
080 _a32
100 _a18
101 _ashp
245 _aAMERICAN PHARAOH
_cDALEY, M.R.J
942 _2udc
_cBK
999 _c38746
_d38746